logo

Bir Sreshtho Munshi Abdur Rouf Library
Jhenaidah Cadet College

A writer's guide to literature / (Record no. 8933)

MARC details
000 -LEADER
fixed length control field 00657cam a22002411 4500
001 - CONTROL NUMBER
JCCL Control Number 8933
003 - CONTROL NUMBER IDENTIFIER
JCCL marc code BD-JhCC
005 - DATE AND TIME OF LATEST TRANSACTION
control field 20180621132323.0
008 - FIXED-LENGTH DATA ELEMENTS--GENERAL INFORMATION
fixed length control field 720526s1965 nyu 000 0 eng
035 ## - SYSTEM CONTROL NUMBER
system control number (BD-JhCC)8933
040 ## - CATALOGING SOURCE
Original cataloging agency DLC
Transcribing agency ODaWU
Modifying agency OCoLC
-- NSelC
-- DLC
-- BD-JhCC
041 ## - LANGUAGE CODE
Language code of Book eng
050 00 - LIBRARY OF CONGRESS CALL NUMBER
Classification number PE1408
Item number .D455
082 ## - DEWEY DECIMAL CLASSIFICATION NUMBER
Author mark and Year DEM 1965
Classification number 808
100 2# - MAIN ENTRY--PERSONAL NAME
Personal name De Mordaunt, Walter J.
245 12 - TITLE STATEMENT
Title A writer's guide to literature /
Statement of responsibility, etc Walter J. De Mordaunt.
260 ## - PUBLICATION, DISTRIBUTION, ETC. (IMPRINT)
Place of publication, distribution, etc New York :
Name of publisher, distributor, etc McGraw-Hill
Date of publication, distribution, etc [1965]
300 ## - PHYSICAL DESCRIPTION
Pagination viii, 397 p. :
Other physical details ill. ;
Dimensions 20 cm.
650 #0 - SUBJECT ADDED ENTRY--TOPICAL TERM
Topical term or geographic name as entry element English language
General subdivision Rhetoric.
650 #0 - SUBJECT ADDED ENTRY--TOPICAL TERM
Topical term or geographic name as entry element Essay.
942 ## - ADDED ENTRY ELEMENTS (KOHA)
Source of classification or shelving scheme Dewey Decimal Classification
Koha item type Books
Holdings
Source of classification or shelving scheme Damaged status Not for loan Home library Current library Shelving location Total Checkouts Full call number Barcode Date last seen Copy number Koha item type
Dewey Decimal Classification     JCC Rouf Library JCC Rouf Library General Stacks   808 DEM 1965 11933 03/05/2018 C - 1 Books

JCC Library | Contacts | JCC Home

Last Update on 23 September 2017
Copyright @ 2017-2020 JCC Rouf Library
Rouf Library, Jhenidah Cadet College (JCC), Bangladesh